Statistics for 15 biggest arkansas cities

Click here to take the quiz!

General Stats

  • This quiz has been taken 5 times
  • The average score is 8 of 15

Answer Stats

Answer % Correct
1little rock
100%
3fayetteville
100%
11hot springs
75%
2fort smith
50%
5jonesboro
50%
6north little rock
50%
7conway
50%
9bentonville
50%
10pine bluff
50%
12benton
50%
14texarkana
50%
15russellville
50%
4springdale
25%
8rogers
25%
13sherwood
0%

Score Distribution

Percentile by Number Answered

Percent of People with Each Score

Your Score History

You have not taken this quiz